<?xml version="1.0" encoding="UTF-8"?>
<record
    xmlns:xsi="http://www.w3.org/2001/XMLSchema-instance"
    xsi:schemaLocation="http://www.loc.gov/MARC21/slim http://www.loc.gov/standards/marcxml/schema/MARC21slim.xsd"
    xmlns="http://www.loc.gov/MARC21/slim">

  <leader>02343    a2200325   4500</leader>
  <controlfield tag="003">Nust</controlfield>
  <controlfield tag="005">20230127115804.0</controlfield>
  <datafield tag="010" ind1=" " ind2=" ">
    <subfield code="a">   91053187</subfield>
  </datafield>
  <datafield tag="020" ind1=" " ind2=" ">
    <subfield code="a">0679409912</subfield>
  </datafield>
  <datafield tag="040" ind1=" " ind2=" ">
    <subfield code="c">Nust</subfield>
  </datafield>
  <datafield tag="082" ind1="0" ind2="0">
    <subfield code="a">823.8,ELI</subfield>
  </datafield>
  <datafield tag="100" ind1="1" ind2=" ">
    <subfield code="a">Eliot, George,</subfield>
    <subfield code="9">349</subfield>
  </datafield>
  <datafield tag="245" ind1="1" ind2="0">
    <subfield code="a">Adam Bede /</subfield>
    <subfield code="c">George Eliot.</subfield>
  </datafield>
  <datafield tag="260" ind1=" " ind2=" ">
    <subfield code="a">New York :</subfield>
    <subfield code="b">Knopf :</subfield>
    <subfield code="b">Distributed by Random House,</subfield>
    <subfield code="c">c1992.</subfield>
  </datafield>
  <datafield tag="300" ind1=" " ind2=" ">
    <subfield code="a">xxxiii, 612 p. ;</subfield>
    <subfield code="c">22 cm.</subfield>
  </datafield>
  <datafield tag="490" ind1="0" ind2=" ">
    <subfield code="a">Everyman's library ;</subfield>
    <subfield code="v">59</subfield>
  </datafield>
  <datafield tag="505" ind1=" " ind2=" ">
    <subfield code="a">Book 1:The Workshop (Page-17), The Preaching (Page-25), After the Preaching (Page-43), The Rector (Page-62), The Hall Farm (Page-89), In the Cottage (Page-118), In the Wood (Page-126), The Return Home (Page-141), The Two Bed-Chambers (Page-149), Links (Page-161), Book 2: In which the Story Pauses a Little (Page-174), Church (Page-183), Adam on a Working Day (Page-203), The Night School and the Schoolmaster (Page-226), Book 3: Going to the Birthday feast (Page-241), Dinner-Time (Page-251), The Games (Page-262), The Dance (Page-270), Book 4: A Crisis (Page-281), A Dilemma (Page-291), The Next Morning (Page-298), In Hetty&#x2019;s Bed Chamber (Page-317), More Links (Page-335),, The Betrothal (Page-341), The Hidden Dread (Page-345), Book 5: The Journey in Hope (Page-352), The Journey in Despair (Page-360), The Bitter Waters Spread (Page-391), The Morning of the Trial (Page-404), In the Prison (Page-422), The Hours of Suspense (Page-431), Another Meeting in the Wood (Page-438), Book 6: At the Hall farm (Page-447), In the Cottage (Page-456), Sunday Morning (Page-466), Adam and Dinah (Page-477), The Harvest Supper (Page-485), The Meeting on the Hill (Page-497), Marriage Bells (Page-501), Epilogue (Page-504).     </subfield>
  </datafield>
  <datafield tag="650" ind1=" " ind2="0">
    <subfield code="a">Carpenters</subfield>
    <subfield code="x">Fiction.</subfield>
    <subfield code="9">107873</subfield>
  </datafield>
  <datafield tag="650" ind1=" " ind2="0">
    <subfield code="a">England</subfield>
    <subfield code="x">Fiction.</subfield>
    <subfield code="9">107874</subfield>
  </datafield>
  <datafield tag="650" ind1=" " ind2="0">
    <subfield code="a">Illegitimate children</subfield>
  </datafield>
  <datafield tag="650" ind1=" " ind2="0">
    <subfield code="a">Infanticide</subfield>
    <subfield code="x">Fiction.</subfield>
    <subfield code="9">107875</subfield>
  </datafield>
  <datafield tag="650" ind1=" " ind2="0">
    <subfield code="a">Triangles (Interpersonal relations)</subfield>
    <subfield code="9">351</subfield>
  </datafield>
  <datafield tag="650" ind1=" " ind2="0">
    <subfield code="a">Women clergy</subfield>
    <subfield code="x">Fiction.</subfield>
    <subfield code="9">107876</subfield>
  </datafield>
  <datafield tag="655" ind1=" " ind2="7">
    <subfield code="a">Didactic fiction.</subfield>
    <subfield code="9">1062</subfield>
  </datafield>
  <datafield tag="655" ind1=" " ind2="7">
    <subfield code="a">Love stories.</subfield>
  </datafield>
  <datafield tag="856" ind1="4" ind2="2">
    <subfield code="3">Contributor biographical information</subfield>
    <subfield code="u">http://www.loc.gov/catdir/bios/random056/91053187.html</subfield>
  </datafield>
  <datafield tag="856" ind1="4" ind2="2">
    <subfield code="3">Publisher description</subfield>
    <subfield code="u">http://www.loc.gov/catdir/description/random042/91053187.html</subfield>
  </datafield>
  <datafield tag="856" ind1="4" ind2="2">
    <subfield code="3">Sample text</subfield>
    <subfield code="u">http://www.loc.gov/catdir/samples/random041/91053187.html</subfield>
  </datafield>
  <datafield tag="942" ind1=" " ind2=" ">
    <subfield code="2">ddc</subfield>
    <subfield code="c">BK</subfield>
  </datafield>
  <datafield tag="999" ind1=" " ind2=" ">
    <subfield code="c">185943</subfield>
    <subfield code="d">185943</subfield>
  </datafield>
  <datafield tag="952" ind1=" " ind2=" ">
    <subfield code="0">0</subfield>
    <subfield code="1">0</subfield>
    <subfield code="2">ddc</subfield>
    <subfield code="4">0</subfield>
    <subfield code="7">0</subfield>
    <subfield code="a">MCS</subfield>
    <subfield code="b">MCS</subfield>
    <subfield code="c">GEN</subfield>
    <subfield code="d">2016-12-12</subfield>
    <subfield code="o">823.8,ELI</subfield>
    <subfield code="p">MCS33481</subfield>
    <subfield code="r">2016-12-08</subfield>
    <subfield code="w">2016-12-12</subfield>
    <subfield code="y">BK</subfield>
    <subfield code="z">Almirah No.58, Shelf No.1</subfield>
  </datafield>
</record>
